00822cam a2200241 a 4500003000500000005001700005008004100022010001000063011001000073020001500083035001000098040000900108082002200117111012700139245011100266260007900377300001100456490001400467650002900481650004700510710000900557830001400566CHAP20220817043716.0000922d1999 th r 10100 eng d a82337 a83309 a9748577791 a93820 cCHAP04a631.7063bI5 199800aInternational Information Techniques for Irrigation Systems Network Meetingn(5 :d1998 :cAurangabad, Maharashtra, India)10aModernization of irrigation system operations :bproceedingsc/by International Water Management Institute aBangkok, Thailand :bFAO. Regional Office for Asia and the Pacific,c1999. a262 p. 0aITISv; 514aIrrigaciónxCongresos.14aIrrigaciónxInnovaciones tecnológicas.0 aFAO.00aITISv; 5